[Event "Asian Continental op (Women) 18th"]
[Site "Xingtai"]
[Date "2019.06.15"]
[Round "9"]
[White "Kojima, Natsumi"]
[Black "Yan, Tianqi"]
[Result "1/2-1/2"]
[WhiteElo "1711"]
[BlackElo "2036"]
[PlyCount "56"]
[EventDate "2019.06.07"]
[EventType "swiss"]
[EventRounds "9"]
[EventCountry "CHN"]
[SourceTitle "CBM 190 Extra"]
[Source "ChessBase"]
[SourceDate "2019.07.15"]
[SourceVersion "1"]
[SourceVersionDate "2019.07.15"]
[SourceQuality "1"]

1. e4 c5 2. Nf3 a6 3. c3 d5 4. exd5 Qxd5 5. d4 Nf6 6. Be2 cxd4 7. Qxd4 Nc6 8. Qxd5 Nxd5 9. Na3 e5 10. Nc2 Bc5 11. 0-0 Bf5 12. Ne3 Nxe3 13. Bxe3 Bxe3 14. fxe3 Bg4 15. Bc4 f6 16. h3 Bh5 17. Nh4 Bf7 18. Bxf7+ Kxf7 19. Nf5 b6 20. Rad1 Rhd8 21. e4 g6 22. Ne3 Ne7 23. Rxd8 Rxd8 24. Nc4 Ke6 25. Nxb6 Rd2 26. Rf2 Rd1+ 27. Rf1 Rd2 28. Rf2 Rd1+ 1/2-1/2

[Event "Asian Continental op (Women) 18th"]
[Site "Xingtai"]
[Date "2019.06.07"]
[Round "1"]
[White "Kojima, Natsumi"]
[Black "Mahalakshmi, Muganda Kumar"]
[Result "0-1"]
[WhiteElo "1711"]
[BlackElo "2245"]
[PlyCount "92"]
[EventDate "2019.06.07"]
[EventType "swiss"]
[EventRounds "9"]
[EventCountry "CHN"]
[SourceTitle "CBM 190 Extra"]
[Source "ChessBase"]
[SourceDate "2019.07.15"]
[SourceVersion "1"]
[SourceVersionDate "2019.07.15"]
[SourceQuality "1"]

1. e4 c5 2. Nf3 d6 3. Bb5+ Nd7 4. 0-0 a6 5. Bd3 Ngf6 6. c3 b5 7. Bc2 Bb7 8. Qe2 e5 9. d3 Be7 10. Rd1 0-0 11. Nbd2 Qc7 12. Nf1 d5 13. Ng3 Rfe8 14. Nf5 Bf8 15. N3h4 Qc6 16. a4 dxe4 17. dxe4 c4 18. Ng3 Nc5 19. f3 g6 20. Nf1 Ne6 21. g3 b4 22. cxb4 Nd4 23. Qf2 Bxb4 24. Be3 a5 25. Kh1 Rad8 26. Rac1 Qe6 27. Rxd4 exd4 28. Bxd4 Rd7 29. Ng2 Red8 30. Nf4 Qe7 31. Bb6 Rc8 32. Bd4 Bc5 33. Be3 Bxe3 34. Nxe3 Qb4 35. Bd1 Rd2 36. Qf1 Qxb2 37. Rxc4 Rxh2+ 38. Kg1 Rd2 39. Rxc8+ Bxc8 40. Qc4 Bb7 41. Bb3 Qa1+ 42. Qf1 Qd4 43. Nfg2 Rxg2+ 44. Kxg2 Qxe3 45. Qc4 Qd2+ 46. Kf1 Qd7 0-1